| 000 | 00757nam a2200217Ii 4500 | ||
|---|---|---|---|
| 003 | JO-AjNU | ||
| 008 | 230605s9999||||xx |||||||||||||| ||und|| | ||
| 017 | _a1995/8/832 | ||
| 040 |
_aJO-AjNU _bara _erda _cJO-AjNU |
||
| 041 | _aara | ||
| 050 | 1 | 4 | _aDS154.15.S2868 1995 |
| 100 | 3 |
_aالسعودي، فيصل الرفوع, _eauthor _947703 |
|
| 245 | 0 | 0 | _aملامح عامة في السياسية الخارجية الأردنية |
| 264 | 3 | 1 | _aعمان: وزارة الشباب، 1995 |
| 300 | _a59ص | ||
| 336 |
_atext _btxt _2rdacontent |
||
| 337 |
_aunmediated _bn _2rdamedia |
||
| 338 |
_avolume _bnc _2rdacarrier |
||
| 490 | 0 | _aسلسلة التثقيف الشبابي؛ (12) | |
| 650 | 4 |
_aالاردن-تاريخ-سياسية خارجية _947704 |
|
| 999 |
_aA20843 _c24411 _d24411 |
||